Sports Quiz

Random Sports Quiz

New York Red Bulls 2010 Roster Quiz Stats

 Plays Quiz not verified by Sporcle

Challenge
Share
Tweet
Embed
Score 0/29 Timer 15:00
0 Plays Today
Position Player % Correct
StrikerThierry Henry
83.3%
StrikerJuan Pablo Angel
76.2%
Right MidfielderDane Richards
69%
GoalkeeperGreg Sutton
66.7%
Left BackRoy Miller
61.9%
Left Midfielder/ Central MidfielderJoel Lindpere
61.9%
CenterbackTim Ream
59.5%
GoalkeeperBouna Coundoul
52.4%
StrikerJuan Agudelo
50%
Central Defensive MidfielderCarl Robinson
47.6%
CenterbackCarlos Mendes
45.2%
Right BackChris Albright
42.9%
Left BackDanleigh Borman
42.9%
StrikerMacoumba Kandji
42.9%
CenterbackAndrew Boyens
38.1%
Position Player % Correct
CenterbackMike Petke
38.1%
Central Defensive MidfielderSeth Stammler
38.1%
Central Attacking MidfielderTony Tchani
33.3%
Right Back Jeremy Hall
26.2%
Central MidfielderSinisa Ubiparipovic
23.8%
Left MidfielderBrian Nielsen
23.8%
StrikerJohn Wolyniec
23.8%
Central Defensive MidfielderLuke Sassano
19%
ForwardConor Chinn
19%
ForwardIbrahim Salou
19%
Central MidfielderIrving Garcia
16.7%
StrikerGiorgi Chirgadze
14.3%
CenterbackKevin Goldthwaite
7.1%
Central MidfielderAustin da Luz
4.8%

You're not logged in!

Compare scores with friends on all Sporcle quizzes.
OR
Log In

You Might Also Like...

Show Comments

Extras

Created Jul 22, 2010ReportNominate

Top Quizzes Today


Score Distribution

Your Account Isn't Verified!

In order to create a playlist on Sporcle, you need to verify the email address you used during registration. Go to your Sporcle Settings to finish the process.

Report this User

Report this user for behavior that violates our Community Guidelines.

Details: